000 01057nam a2200217 a 4500
008 120416s1985 ||||||||||||||||| || u
020 _a9251009430
050 _aSD 399.5 For
110 _aFood and Agriculture Organization
245 1 0 _aForest tree improvement
260 _aDehradun:
_bInternational book distributors
_c1985
300 _aiii, 271p.: ill.
350 _a0.00
490 _aFAO forestry paper, no. 20
500 _aReport on the FAO/DANIDA training course on...
650 _aFORESTRY
650 _aFOREST ECOLOGY--CONGESSES
995 _aANNEX COLLECTION (Main Library)
_D0.00
_e732369
_FCBU-MAIN LIBRARY (Kitwe)
_H1
_I0.00
_jSD 399.5 For
_M4
_UAVAILABLE
_WNov 27, 2006
_y44927
_ZAnnex Low-Usage Collection
995 _aANNEX COLLECTION (Main Library)
_D0.00
_e732370
_FCBU-MAIN LIBRARY (Kitwe)
_H1
_I0.00
_jSD 399.5 For
_M3
_UAVAILABLE
_WMay 3, 2006
_y44928
_ZAnnex Low-Usage Collection
995 _aANNEX COLLECTION (Main Library)
_D0.00
_e732371
_FCBU-MAIN LIBRARY (Kitwe)
_H1
_I38.00
_jSD 399.5 FOR
_M1
_UAVAILABLE
_y44925
_ZAnnex Low-Usage Collection
999 _c63239
_d63239